000 00296nam a2200097Ia 4500
005 20250424112930.0
008 250424s9999 xx 000 0 und d
300 _aiii, 96 p. :ill. ; 28 cm.
650 _aGynecologic Surgical Procedures--methods Obstetric Surgical Procedures--methods
942 _cSR
999 _c37958
_d37958